| 000 | 00828cab a2200253 4500 | ||
|---|---|---|---|
| 001 | ABS55542 | ||
| 008 | 090401t1996 xxu||||| |||| 00| 0 eng d | ||
| 035 | _a(Sirsi) u17233 | ||
| 041 | _aeng | ||
| 100 | _aMorris, D. | ||
| 245 | 4 | _aThe role of local authorities in land reclamation | |
| 260 | _c1996 | ||
| 350 | _a0 | ||
| 490 |
_aEnvironmental Policy and Practice _v6(1) June 1996, 17-19(3) |
||
| 520 | _aReviews the historical role of local authorities in land reclamation, using an example from Dudley, and considers an uncertain future now that English Partnerships have taken over many responsibilities. | ||
| 650 | _aDUDLEY | ||
| 650 | _aENGLISH PARTNERSHIPS | ||
| 650 | _aLAND RECLAMATION | ||
| 650 | _aLOCAL AUTHORITIES | ||
| 690 | _aLAND | ||
| 700 | _aJeavons, I. | ||
| 942 | _n0 | ||
| 948 | _c04/03/1997 | ||
| 999 |
_c11426 _d11426 |
||